000 00346nam a2200133Ia 4500
008 191201s2005 xx 000 0 und d
100 _aMCCARTHY, Michael
245 0 _aEnglish Vocabulary in Use Upper Intermediate
250 _a1st
260 _aN.Delhi
_bCambridge Universty Press
_c2005
300 _a296
650 _aApplied
942 _2ddc
_cBK
999 _c1706
_d1706